| 000 -CABECERA |
| Longitud fija campo de control |
01501nas a2200265 a 4500 |
| 001 - NÚMERO DE CONTROL |
| Número de control |
4096 |
| 003 - IDENTIFICADOR DEL NÚMERO DE CONTROL |
| Identificador del número de control |
CDMR |
| 005 - FECHA Y HORA DE LA ÚLTIMA TRANSACCIÓN |
| Fecha y hora de la última transacción |
20170606153529.0 |
| 008 - CÓDIGOS DE INFORMACIÓN DE LONGITUD FIJA |
| Códigos de información de longitud fija |
130130c1992||||sp a||||||||||||||||spa|d |
| 022 ## - NÚMERO INTERNACIONAL NORMALIZADO PARA PUBLICACIONES SERIADAS |
| Número Internacional Normalizado para Publicaciones Seriadas |
1133-2743 |
| 040 ## - FUENTE DE LA CATALOGACIÓN |
| Centro catalogador de origen |
CDMR |
| Lengua de catalogación |
cat |
| Centro transcriptor |
CDMR |
| 245 00 - MENCIÓN DE TÍTULO |
| Título |
Anuario internacional CIDOB |
| 260 ## - PUBLICACIÓN, DISTRIBUCIÓN, ETC. (PIE DE IMPRENTA) |
| Lugar de publicación, distribución, etc. |
Barcelona |
| Fecha de publicación, distribución, etc. |
1992- |
| Nombre del editor, distribuidor, etc. |
Ediciones CIDOB |
| 300 ## - DESCRIPCIÓN FÍSICA |
| Extensión |
v. |
| Dimensiones |
27 cm |
| 500 ## - NOTA GENERAL |
| Nota general |
Subtítol de les edicions de 1992-1993: Cambios y actores en la realidad internacional..., algunas claves para interpretarlos ; |
| 500 ## - NOTA GENERAL |
| Nota general |
Subtítol de les edicions de 1994- : Claves para interpretar la Política Exterior Española y las Relaciones Internacionales |
| 500 ## - NOTA GENERAL |
| Nota general |
A partir de l'edició 1994, canvia ISBN per ISSN |
| 500 ## - NOTA GENERAL |
| Nota general |
A partir de 2010 Edicions CIDOB substitueix Fundació CIDOB com a responsable editorial |
| 505 ## - NOTA DE CONTENIDO CON FORMATO |
| Nota de contenido con formato |
Conté: Perfiles de países, 1996.- India ; 1997.- Turquía ; 1998.- Rusia ; 1999.- China ; 2000.- México ; 2001.- Marruecos ; 2002.- Corea del Sur ; 2003.- Brasil ; 2004.- Sudáfrica; 2005.- Portugal ; 2006.- Argelia ; 2008.- Nigeria y su entorno regional ; 2009.- Estados Unidos de América ; 2010.- Federación Rusa ; 2011.- Turquía |
| 650 04 - PUNTO DE ACCESO ADICIONAL DE MATERIA - TÉRMINO DE MATERIA |
| 9 (RLIN) |
3246 |
| Término de materia o nombre geográfico como elemento inicial |
Espanya |
| Subdivisión de materia general |
Política |
| Subdivisión de forma |
Anuaris |
| 650 04 - PUNTO DE ACCESO ADICIONAL DE MATERIA - TÉRMINO DE MATERIA |
| 9 (RLIN) |
3994 |
| Término de materia o nombre geográfico como elemento inicial |
Política mundial |
| Subdivisión de forma |
Anuaris |
| 710 2# - PUNTO DE ACCESO ADICIONAL - NOMBRE DE ENTIDAD |
| 9 (RLIN) |
147 |
| Nombre de entidad o nombre de jurisdicción como elemento inicial |
Centre d'Informació i Documentació Internacionals a Barcelona |
| 856 40 - LOCALIZACIÓN Y ACCESO ELECTRÓNICO |
| Identificador Uniforme del Recurso (URI) |
<a href="http://www.cidob.org/es/publicaciones/anuarios/anuario_internacional_cidob">http://www.cidob.org/es/publicaciones/anuarios/anuario_internacional_cidob</a> |
| Texto del enlace |
Disponible en línia |
| Nota pública |
(Accés lliure) |
| 942 ## - ENTRADA DE ELEMENTOS AGREGADOS (KOHA) |
| Koha [por defecto] tipo de item |
Publicacions periòdiques |
| Fuente de clasificaión o esquema |
|
| Marca de registro de periódicas |
1 |